[Event "3rd Kolkata Open Grandmaster Chess Tournament "]
[Site "Kolkata India"]
[EventDate "2008.03.23"]
[Date "2008.04.02"]
[Round "10"]
[White "Babu, N Sudhakar"]
[WhiteTitle "IM"]
[WhiteElo "2333"]
[Black "Das, Arghyadip"]
[BlackTitle "-"]
[BlackElo "2404"]
[Result "1/2-1/2"]
[Source "MonRoi"]

1. d4 d5 2. c4 e6 3. Nf3 c6 4. Qc2 Nd7 5. cxd5 exd5 6. Bf4 Ngf6 7. Nc3 Be7 8. h3 Nf8 9. e3 Ng6 10. Bh2 Bd6 11. Ne5 Bxe5 12. dxe5 Nd7 13. f4 Qb6 14. Bg1 Qa5 15. O-O-O Nc5 16. Rd4 Ne7 17. b4 Qa3 18. Qb2 Qxb2 19. Kxb2 Ne6 20. Rd1 Nf5 21. Bf2 d4 22. exd4 Nxf4 23. g3 Nd5 24. Nxd5 cxd5 25. Rc1 Ne7 26. Be2 h5 27. g4 Ng6 28. Bg3 hxg4 29. hxg4 Rxh1 30. Rxh1 Be6 31. Rh7 Kf8 32. Kc3 Rc8 33. Kd2 Ke7 34. Rh1 Rh8 35. Rg1 Rc8 36. b5 Rh8 37. a3 Kd7 38. a4 Ne7 39. Bf4 Rh3 40. Bg3 Rh8 41. a5 b6 42. axb6 axb6 43. Ra1 Nc8 44. Ke3 Kc7 45. Bf3 Kb7  1/2-1/2

[Event "3rd Kolkata Open Grandmaster Chess Tournament "]
[Site "Kolkata India"]
[EventDate "2008.03.23"]
[Date "2008.04.02"]
[Round "10"]
[White "Ahmed Sk, Nasir"]
[WhiteTitle "FM"]
[WhiteElo "2379"]
[Black "Rathnakaran, K"]
[BlackTitle "IM"]
[BlackElo "2437"]
[Result "0-1"]
[Source "MonRoi"]

1. e4 e6 2. d4 d5 3. Nc3 Nf6 4. e5 Nfd7 5. f4 c5 6. Nf3 Nc6 7. Be3 a6 8. Qd2 b5 9. a3 Bb7 10. g3 Qb6 11. Bg2 a5 12. O-O Ba6 13. Rfe1 g6 14. Qf2 c4 15. g4 h5 16. h3 hxg4 17. hxg4 Ne7 18. Ng5 b4 19. axb4 axb4 20. Ne2 Bh6 21. Ng3 Bxg5 22. fxg5 b3 23. c3 Rh7 24. Bf3 O-O-O 25. Kg2 Rdh8 26. Rh1 Rxh1 27. Nxh1 Bb7 28. Be2 Rh7 29. Bf3 Qd8 30. Qd2 Nc6 31. Bf4 Nb6 32. Nf2 Kd7 33. Kg3 Qe7 34. Rf1 Rh8 35. Ra1 Rc8 36. Qc1 Qf8 37. Nd1 Qh8 38. Kf2 Ra8 39. Qb1 Na4 40. Ke3 Ra5 41. Ra3 Qa8 42. Kd2 Na7 43. Ra1 Nb5 44. Be3 Naxc3  0-1

[Event "3rd Kolkata Open Grandmaster Chess Tournament "]
[Site "Kolkata India"]
[EventDate "2008.03.23"]
[Date "2008.04.02"]
[Round "10"]
[White "Solomon, Kenny"]
[WhiteTitle "IM"]
[WhiteElo "2332"]
[Black "Murshed, Niaz"]
[BlackTitle "GM"]
[BlackElo "2428"]
[Result "1/2-1/2"]
[Source "MonRoi"]

1. d4 e6 2. c4 b6 3. Nc3 Bb7 4. a3 f5 5. d5 Nf6 6. g3 a5 7. Bg2 Na6 8. Nf3 g6 9. O-O Bg7 10. e4 fxe4 11. Ng5 Nc5 12. Ngxe4 Nfxe4 13. Nxe4 Nxe4 14. Bxe4 O-O 15. h4 Qf6 16. Rb1 Rae8 17. Bf4 d6 18. f3 Qd4 19. Qxd4 Bxd4 20. Kg2 exd5 21. cxd5 Be5 22. Bd2 Bc8 23. Rfc1 Rf7 24. Bg5 Bf6 25. Bxf6 Rxf6 26. Rc4 Bf5 27. Rbc1 Bxe4 28. fxe4 Rf7 29. b4 axb4 30. axb4 b5 31. Rd4 Kg7 32. Ra1 Kf6 33. Ra5 Ke5 34. Rd1 g5 35. hxg5 Kxe4 36. Rxb5 Ke5 37. g6 hxg6 38. Ra5 Rfe7 39. Ra2 Kf5 40. Rf2 Kg5 41. Rd4 Re1 42. Rfd2 R8e2 43. Rxe2 Rxe2 44. Kf3 Rc2 45. Rf4 Rc3 46. Kf2 Kh5 47. Rh4 Kg5 48. Rf4 Kh6 49. Rh4 Kg7 50. Rf4 g5 51. Re4 Kf6 52. g4 Rd3 53. Rc4 Rxd5 54. Rxc7 Rd4 55. b5 Rxg4 56. b6 Rb4 57. b7 d5 58. Rd7 Ke5 59. Rg7 Kd4 60. Rxg5 Rxb7 61. Ke2 Kc4 62. Rg3 d4 63. Kd2 Rb2 64. Kc1 Rh2 65. Kd1 Kd5 66. Ra3 Ke4 67. Rb3 Rf2 68. Ra3 d3 69. Ra8 Ke3 70. Re8  1/2-1/2